Iron and steel bridges (Record no. 108282)
[ view plain ]
| 000 -LEADER | |
|---|---|
| fixed length control field | 02147cam a22003135a 4500 |
| 001 - CONTROL NUMBER | |
| control field | L143840 |
| 008 - FIXED-LENGTH DATA ELEMENTS--GENERAL INFORMATION | |
| fixed length control field | 080702s2008 xxkdo f 000 0 eng d |
| 020 ## - INTERNATIONAL STANDARD BOOK NUMBER | |
| International Standard Book Number | 9780860176640 |
| 035 ## - SYSTEM CONTROL NUMBER | |
| System control number | (Sirsi) u143840 |
| 041 0# - LANGUAGE CODE | |
| Language code of text/sound track or separate title | eng |
| 050 04 - LIBRARY OF CONGRESS CALL NUMBER | |
| Classification number | 624.2 $2 18 |
| 100 1# - MAIN ENTRY--PERSONAL NAME | |
| Personal name | Deacon, David H. |
| 245 00 - TITLE STATEMENT | |
| Title | Iron and steel bridges |
| Remainder of title | condition appraisal and remedial treatment |
| 260 ## - PUBLICATION, DISTRIBUTION, ETC. | |
| Place of publication, distribution, etc. | London |
| Name of publisher, distributor, etc. | CIRIA $2 008 |
| 300 ## - PHYSICAL DESCRIPTION | |
| Extent | xviii, 240p. |
| Other physical details | ill. |
| Dimensions | 30cm. |
| 505 2# - FORMATTED CONTENTS NOTE | |
| Formatted contents note | Materials and structural forms -- Guidance on statutory and other requirements -- Asset management and preventative maintenance -- Defects and deterioration -- Inspection, testing and monitoring -- Structural assessment -- Remedial works - general principles -- Remedial works - repair -- Remedial works - strengthening and replacement -- Protective systems |
| 505 2# - FORMATTED CONTENTS NOTE | |
| Formatted contents note | Appendices: Aliminium bridges -- Case studies: Coalport bridge, Shropshire; Battersea bridge, London; Kinzua viaduct, Pennsylvania, USA; Braemore Great bridge, Hampshire; Brockhampton bridge, Hampshire; Battersea Yard railway bridge, South London; Pontcysyllte aqueduct, North Wales; Armstrong bridge, Newcastle; Balgay Park footbridge, Dundee; Killearn station bridge, Stirlingshire; Holloway Road bridge, London |
| 520 ## - SUMMARY, ETC. | |
| Summary, etc. | Guidance aimed at meeting the requirements of those having general knowledge of bridge engineering and asset management but who need specific information about the performances and requirements of iron and steel bridges. It seeks to provide and illustrate good practice for general application and to provide relevant infromation. Case studies for successful schemes are cited and described, in addition to case studies for both successful and unsuccessful examples of repair and strengthening projects. |
| 521 ## - TARGET AUDIENCE NOTE | |
| Target audience note | Advanced |
| 590 ## - LOCAL NOTE (RLIN) | |
| Local note | KA |
| 651 #4 - SUBJECT ADDED ENTRY--GEOGRAPHIC NAME | |
| Geographic name | England and Wales |
| Chronological subdivision | 1543- |
| 690 ## - LOCAL SUBJECT ADDED ENTRY--TOPICAL TERM (OCLC, RLIN) | |
| Topical term or geographic name as entry element | PROPERTY-INFRASTRUCTURE-TRANSPORT INFRASTRUCTURE-ROAD INFRASTRUCTURE |
| 700 1# - ADDED ENTRY--PERSONAL NAME | |
| Personal name | De Voy, J. |
| 700 1# - ADDED ENTRY--PERSONAL NAME | |
| Personal name | Jackson, P. A. |
| 700 1# - ADDED ENTRY--PERSONAL NAME | |
| Personal name | Matthews, S. J. |
| 700 1# - ADDED ENTRY--PERSONAL NAME | |
| Personal name | Tilly, G. P. |
| 710 1# - ADDED ENTRY--CORPORATE NAME | |
| Corporate name or jurisdiction name as entry element | Construction Industry Research and Information Association |
| 9 (RLIN) | 4810 |
| 942 ## - ADDED ENTRY ELEMENTS (KOHA) | |
| Suppress in OPAC | 0 |
| Withdrawn status | Lost status | Source of classification or shelving scheme | Damaged status | Not for loan | Home library | Current library | Shelving location | Date acquired | Total Checkouts | Full call number | Barcode | Date last seen | Copy number | Price effective from | Koha item type |
|---|---|---|---|---|---|---|---|---|---|---|---|---|---|---|---|
| Dewey Decimal Classification | London | London | Folio | 03/06/2008 | F624.2 TIL | 30074433 | 06/08/2019 | 1 | 06/08/2019 | Book |